1726 1500 1659 1567 1380 1050 1600 1938 1543 1416 1865 1751 1840 1076 1012 1696 1602 1648 1673 1713 1732 1127 1388 1807 1934 1918 1553 1635 1582 1229 1301 1333 1121 1164 1197 1847 1640 1260 1039 1960 1291 1770 1546 1237 1115 1723 1390 1321 1037 1306 1362 1163 1127 1030 1491 1140 1868 1626 1315 1542 1329 1848 1321 1231 1654 1594 1690 1018 1180 1985 1039 1453 1034 1321 1942 1781 1128 1990 1797 1810 1758 1466 1160 1265 1533 1011 1375 1479 1543 1760 1663 1756 1167 1241 1967 1414 1454 1171 1365 BCNSPRNW ULIB Ver.6.0+V

เปลี่ยนเป็นภาษาไทย

Change to English
 แสดงรายละเอียดบรรณานุกรม
  กลับหน้าหลัก

Brief Record : Get Marc (ISO 2709) : E-mail record : QR code < ปิดหน้าต่าง
LEADER : 00000nam 2200000uu 4500
001    13399121351
003     ULIB
008    020711s2549 th a 000 0 tha d
020    9789749785652
090    นว.^bA163ส
100    ASTERISK
245    สปีชีส์สายพันธุ์สังเคราะห์/^cASTERISK
250    พิมพ์ครั้งที่ 1
260    กรุงเทพฯ :^bอิสระบุ๊ค,^c2549
945    ^p180^l0^i14862
999    ^aกัณชพร
รายการนี้ยังไม่มีแท็ก
คุณยังไม่ได้ล็อกอิน คุณสามารถมีกิจกรรมร่วมกับเว็บไซต์ได้ แต่ต้องล็อกอินก่อน ::
  ล็อกอิน

รายการสื่อสารสนเทศ

ลำดับที่ ประเภท เลขเรียก/บาร์โค้ด สถานที่ สถานะ
1. วิทยาศาสตร์การแพทย์ และสุขภาพ
วิทยาศาสตร์การแพทย์ และสุขภาพ
นว. A163ส  
  Barcode: 14862
ห้องสมุดวิทยาเขตสวรรค์ประชารักษ์
►นวนิยาย
บนชั้น
  ขอยืม

BibComment


ยังไม่เคยถูกคอมเมนท์

คอมเมนท์ทรัพยากรรายการนี้
  คอมเมนท์: สปีชีส์สายพันธุ์ส..


 Copyright 2026. Bcnsprnw @Library